<?xml version="1.0" encoding="UTF-8"?>
<collection xmlns:xsi="http://www.w3.org/2001/XMLSchema-instance" xsi:schemaLocation="http://www.loc.gov/MARC21/slim http://www.loc.gov/standards/marcxml/schema/MARC21slim.xsd" xmlns="http://www.loc.gov/MARC21/slim">
 <record>
  <leader>00000ctm a22000004i 4500</leader>
  <controlfield tag="001">UP-99796217613097194</controlfield>
  <controlfield tag="003">Buklod</controlfield>
  <controlfield tag="005">20190913112010.0</controlfield>
  <controlfield tag="006">m    |o  d |      </controlfield>
  <controlfield tag="007">ta</controlfield>
  <controlfield tag="008">190913s2010    xx     d     r    |||| u|</controlfield>
  <datafield tag="035" ind1=" " ind2=" ">
   <subfield code="a">(iLib)UPD-00413166404</subfield>
  </datafield>
  <datafield tag="040" ind1=" " ind2=" ">
   <subfield code="a">DARCHIVES</subfield>
   <subfield code="e">rda</subfield>
  </datafield>
  <datafield tag="041" ind1=" " ind2=" ">
   <subfield code="a">eng</subfield>
  </datafield>
  <datafield tag="042" ind1=" " ind2=" ">
   <subfield code="a">DMLUC</subfield>
  </datafield>
  <datafield tag="090" ind1=" " ind2=" ">
   <subfield code="a">LG 995 2010 P51</subfield>
   <subfield code="b">L44</subfield>
  </datafield>
  <datafield tag="100" ind1="1" ind2=" ">
   <subfield code="a">Lee, Henry Victorio Jr.</subfield>
   <subfield code="e">author.</subfield>
  </datafield>
  <datafield tag="245" ind1="1" ind2="0">
   <subfield code="a">Simulation studies on different types of plasma devices</subfield>
   <subfield code="c">Henry Victorio Lee, Jr. ;  Henry J. Ramos, adviser.</subfield>
  </datafield>
  <datafield tag="264" ind1=" " ind2="1">
   <subfield code="a">Quezon City</subfield>
   <subfield code="b">National Institute of Physics, College of Science, University of the Philippines Diliman</subfield>
   <subfield code="c">2010.</subfield>
  </datafield>
  <datafield tag="300" ind1=" " ind2=" ">
   <subfield code="a">77 leaves</subfield>
   <subfield code="b">illustrations</subfield>
   <subfield code="c">28 cm.</subfield>
  </datafield>
  <datafield tag="336" ind1=" " ind2=" ">
   <subfield code="a">text</subfield>
   <subfield code="2">rdacontents</subfield>
  </datafield>
  <datafield tag="337" ind1=" " ind2=" ">
   <subfield code="a">unmediated</subfield>
   <subfield code="2">rdamedia</subfield>
  </datafield>
  <datafield tag="338" ind1=" " ind2=" ">
   <subfield code="a">volume</subfield>
   <subfield code="2">rdacarrier</subfield>
  </datafield>
  <datafield tag="502" ind1=" " ind2=" ">
   <subfield code="a">Thesis (M.S.-Physics)--University of the Philippines Diliman</subfield>
   <subfield code="d">April 2010.</subfield>
  </datafield>
  <datafield tag="520" ind1="3" ind2=" ">
   <subfield code="a">The study presents the results from the computer simulation of three different plasma systems. The objective of this study is to gain useful insights on the plasma behaviour within different types  of plasma devices.The three devices are namely: a Plasma Sputter Type Negative Ion Source (PSTNIS), a microwave Induced Plasma Source and a Magnetized Sheet Plasma Source. A Particle-in-cell (PIC) method is the general method used in the plasma simulations. The PICmethod is modifie to suit the different plasma conditions for each system.When the simulation of collisions is required, he Particle-in-Cell with Monte Carlo Collisions (PIC-MCC) model is used.  The simulation results for each system are compared and related with existing experimental data. The simulation results on the PSTNIS show optimum combinations of Einzel len and accelerator voltages for ion beam focusing and acceleration. Compared to past research data, the optimum Einzel lens voltage found in the simulation matched the experimentally determined optimum Einzel lens voltage. For the microwave plasma simulation, plasma behaviour from experimental plasma images also coincides with the simulation results. In the case of the magnetized sheet plasma source, it is found that the parmeters considered in the simulation are insufficient in supporting existing research findings. As such, further simulation studies are proposed. Overall, the simulation is successful in modeling ion beams in the PSTNIS and electron behaviour in a microwave plasma source, but is found to be insufficient for the case of a magnetized sheet plasma source.</subfield>
  </datafield>
  <datafield tag="650" ind1=" " ind2="0">
   <subfield code="a">Plasma devices.</subfield>
  </datafield>
  <datafield tag="700" ind1="1" ind2=" ">
   <subfield code="a">Ramos, Henry J.</subfield>
   <subfield code="e">adviser.</subfield>
  </datafield>
  <datafield tag="905" ind1=" " ind2=" ">
   <subfield code="a">FI</subfield>
  </datafield>
  <datafield tag="905" ind1=" " ind2=" ">
   <subfield code="a">UP</subfield>
  </datafield>
  <datafield tag="852" ind1="0" ind2=" ">
   <subfield code="a">UPD</subfield>
   <subfield code="b">DARCHIVES</subfield>
   <subfield code="h">LG 995 2010 P51</subfield>
   <subfield code="i">L44</subfield>
  </datafield>
  <datafield tag="942" ind1=" " ind2=" ">
   <subfield code="a">Thesis</subfield>
  </datafield>
 </record>
</collection>
